Papa Francisco: política y sociedad. Conversaciones con Dominique Wolton

Saved in:
Bibliografiske detaljer
Hovedforfatter: Wolton, Dominique (Author)
Format: Bog
Sprog:spansk
Udgivet: Madrid Encuentro 2018
Udgivelse:1a. ed
Serier:100XUNO, 32
Fag:
Tags: Tilføj Tag
Ingen Tags, Vær først til at tagge denne postø!

MARC

LEADER 00000cam a2200000 a 4500
001 UCC3290
003 CL-VaPUC
008 180427e20180000sp |||||||||||||||||spa|d
020 |a 9788490559161 
082 0 4 |a 262.91  |b WOL  |2 21 
100 0 |a Wolton, Dominique  |e author  |9 597294 
245 1 0 |a Papa Francisco: política y sociedad. Conversaciones con Dominique Wolton 
250 |a 1a. ed 
300 |a 306 p 
942 |c BK 
945 |d 20180427 13:12:00  |a dcastane 
260 |a Madrid  |b Encuentro  |c 2018 
600 0 |a Francisco,  |c Papa   |x Pontificado, 2013-  |9 583180 
650 0 |a Política y sociedad   |9 412941 
650 0 |a Pensamiento religioso  |9 400122 
650 0 |a Documentos pontificios   |9 255642 
583 |a last modification  |c 20180427 13:12:00  |k Rodrigo Vera 
490 0 |a 100XUNO, 32 
999 |c 371051  |d 371049 
952 |0 0  |1 0  |3 erb  |4 0  |6 262_910000000000000_WOL_2018  |7 0  |8 A  |9 487924  |a BIBTEO  |b BIBTEO  |i 5468531  |o 262.91 WOL 2018  |p 5468531  |r 2025-01-17  |w 2019-11-24  |y BK  |z Catalogado en:20180427  |k ICR